<?xml version="1.0" encoding="UTF-8"?>
<record
    xmlns:xsi="http://www.w3.org/2001/XMLSchema-instance"
    xsi:schemaLocation="http://www.loc.gov/MARC21/slim http://www.loc.gov/standards/marcxml/schema/MARC21slim.xsd"
    xmlns="http://www.loc.gov/MARC21/slim">

  <leader>01864cam a2200241   4500</leader>
  <controlfield tag="001">7080</controlfield>
  <controlfield tag="005">20181127182848.0</controlfield>
  <controlfield tag="008">890908s1989    ohua     b   s000 0 eng</controlfield>
  <datafield tag="020" ind1=" " ind2=" ">
    <subfield code="a">0879724692 (clothbound)</subfield>
  </datafield>
  <datafield tag="020" ind1=" " ind2=" ">
    <subfield code="a">0879724706 (pbk.)</subfield>
  </datafield>
  <datafield tag="082" ind1="0" ind2="0">
    <subfield code="a">306.4/09/04</subfield>
    <subfield code="2">20</subfield>
  </datafield>
  <datafield tag="100" ind1=" " ind2=" ">
    <subfield code="a">Rollin, Roger B.</subfield>
    <subfield code="b"></subfield>
    <subfield code="c"></subfield>
    <subfield code="d"></subfield>
    <subfield code="e">editor</subfield>
    <subfield code="q"></subfield>
  </datafield>
  <datafield tag="245" ind1="0" ind2="4">
    <subfield code="a">The Americanization of the global village :</subfield>
    <subfield code="b">essays in comparative popular culture /</subfield>
    <subfield code="c">edited by Roger Rollin.</subfield>
  </datafield>
  <datafield tag="260" ind1=" " ind2=" ">
    <subfield code="a">Bowling Green, Ohio :</subfield>
    <subfield code="b">Bowling Green State University Popular Press,</subfield>
    <subfield code="c">c1989.</subfield>
  </datafield>
  <datafield tag="300" ind1=" " ind2=" ">
    <subfield code="a">154 p. :</subfield>
    <subfield code="b">ill. ;</subfield>
    <subfield code="c">24 cm.</subfield>
  </datafield>
  <datafield tag="504" ind1=" " ind2=" ">
    <subfield code="a">Includes bibliographical references.</subfield>
  </datafield>
  <datafield tag="505" ind1=" " ind2=" ">
    <subfield code="a">President Mitterrand also watches Dallas : American mass  media and French national policy / Chantal Cinquin -- Intellectuals are more popular in France : the case of  French and American game shows / Wendy Pfeffer -- Images of the United States in selected Mexican comic  books / Charles Tatum -- Cat People and mean streets : American popular film  genres in the work of Manuel Puig and Wim Wenders / Joan  Worley -- Cheyennes in the Black Forest : a social drama / Yolanda  Broyles Gonza&amp;#769;lez -- NBC's docudrama, Holocaust, and concepts of National  Socialism in the United States and the Federal Republic  of Germany / Bruce A. Murray -- Singing against hunger : French and American popular  musicians' efforts at charity / Andre&amp;#769; J.M. Pre&amp;#769;vos -- And now, he-e-e-e-re's Misha! : Soviet television since  perestroika / Alexandra Heidi Karriker. Rocky IV meets La  Grande Illusion : pedagogy and theory in popular culture  study / Christine Anne Holmlund.</subfield>
    <subfield code="g"></subfield>
    <subfield code="r"></subfield>
    <subfield code="t"></subfield>
  </datafield>
  <datafield tag="650" ind1=" " ind2="0">
    <subfield code="a">Popular culture</subfield>
    <subfield code="x">History</subfield>
    <subfield code="y">20th century.</subfield>
  </datafield>
  <datafield tag="650" ind1=" " ind2="0">
    <subfield code="a">Popular culture</subfield>
    <subfield code="z">United States</subfield>
    <subfield code="x">History</subfield>
    <subfield code="y">20th century.</subfield>
  </datafield>
  <datafield tag="700" ind1="1" ind2=" ">
    <subfield code="a">Rollin, Roger B.</subfield>
  </datafield>
  <datafield tag="999" ind1=" " ind2=" ">
    <subfield code="c">6007</subfield>
    <subfield code="d">6007</subfield>
  </datafield>
  <datafield tag="952" ind1=" " ind2=" ">
    <subfield code="0">0</subfield>
    <subfield code="1">0</subfield>
    <subfield code="2">ddc</subfield>
    <subfield code="4">0</subfield>
    <subfield code="7">0</subfield>
    <subfield code="8">MAIN</subfield>
    <subfield code="a">RTCLIB</subfield>
    <subfield code="b">RTCLIB</subfield>
    <subfield code="c">MAIN</subfield>
    <subfield code="h"> </subfield>
    <subfield code="i">10921</subfield>
    <subfield code="l">0</subfield>
    <subfield code="o">306.4 ROL</subfield>
    <subfield code="p">30010710</subfield>
    <subfield code="r">2018-11-27 00:00:00</subfield>
    <subfield code="w">2018-11-27</subfield>
    <subfield code="y">MAIN</subfield>
  </datafield>
</record>
